The Complete Reference HTML (Record no. 5952)
[ view plain ]
| 000 -LEADER | |
|---|---|
| fixed length control field | 00276nam a2200109Ia 4500 |
| 008 - FIXED-LENGTH DATA ELEMENTS--GENERAL INFORMATION | |
| fixed length control field | 190906s9999||||xx |||||||||||||| ||und|| |
| 100 ## - MAIN ENTRY--PERSONAL NAME | |
| Personal name | Thomas A.Powell |
| 245 #4 - TITLE STATEMENT | |
| Title | The Complete Reference HTML |
| 260 ## - PUBLICATION, DISTRIBUTION, ETC. (IMPRINT) | |
| Place of publication, distribution, etc | Karachi |
| Name of publisher, distributor, etc | Jahangir Book Depot |
| Date of publication, distribution, etc | 2001 |
| 300 ## - PHYSICAL DESCRIPTION | |
| Extent | 1208 |
| 942 ## - ADDED ENTRY ELEMENTS (KOHA) | |
| Koha item type | Books |
| Withdrawn status | Lost status | Source of classification or shelving scheme | Damaged status | Not for loan | Collection code | Permanent Location | Current Location | Shelving location | Date acquired | Total Checkouts | Total Renewals | Full call number | Barcode | Date last seen | Date checked out | Price effective from | Koha item type |
|---|---|---|---|---|---|---|---|---|---|---|---|---|---|---|---|---|---|
| | | | | | Computer Languages | MAJU | MAJU | Shelf No.A18 | 2019-09-06 | 2 | 1 | 004.6 | 1687 | 2023-07-27 | 2023-03-05 | 2019-09-06 | Computer Languages |